Pertenecia : cuentos y relatos del nordeste argentino /

Guardado en:
Autor Principal: Giardinelli, Mempo
Formato: Libro
Publicado: Buenos Aires : Instituto Movilizador de Fondos Cooperativos, 2001
Series:Desde la gente
Materias:
Etiquetas: Agregar Etiqueta
Sin Etiquetas, Sea el primero en etiquetar este registro!
LEADER 01374nam a22002295a 4500
001 CEM.cems010808
005 20101125120319.0
008 130507s2001##################000#0#####d
003 CEMS
020 |a 9508601078 
082 0 4 |a A863.4 
100 1 |a Giardinelli, Mempo 
245 1 0 |a Pertenecia :  |b cuentos y relatos del nordeste argentino /  |c Prólogo de Mempo Giardinelli 
260 |a Buenos Aires :  |b Instituto Movilizador de Fondos Cooperativos,  |c 2001 
300 |a 127 p. 
490 0 |a Desde la gente 
505 0 |a Farewell / Miguel Angel Molfino -- Las ficciones se hacen solas / Martín Alvarenga -- Contar la historia / Olga Zamboni -- Yasy-Yateré / Juan Bautista Ambrosetti -- Cruce en el muelle / Patricia Severín -- Frontera seca / Raúl Novau -- Un tétrico festín / Moisés Glombovsky -- La mesa / Marily Morales Segovia -- La caída / Velmiro Ayala Gauna -- Arolfo / Moisés León Penchansky -- Taller literario / José Gabriel Ceballos -- Cuidado con el tigre / Hugo W. Amable -- Luces y sombras / Orlando van Bredam -- El hormiguero / Alicia Gutiérrez de Cajal -- El loco del cerro / Germán Dras -- Mi tía Victoria / Osvaldo Benetti -- Abril / Oscar Tacca 
653 |a Cuentos 
653 |a Cuentos regionales argentinos 
653 |a Literatura 
653 |a Literatura argentina siglo 20 
859 |a CEMS  |b BIB. CEMS - 11 de abril  |h A863.4  |i G349-1  |p 21499.01  |t Ej.1